000 00253nam a2200109Ia 4500
008 240719s9999 xx 000 0 und d
041 _aeng
082 _a823 GUL
100 _aGulzar Actually.
245 _aI Met Them
260 _aGurgaon
_bPenguin,
_c2017
999 _c41121
_d41121